Julianus útja és a keleti magyarok

Elmentve itt :
Bibliográfiai részletek
Szerző: Tóth Gábor
További közreműködők: Polgár Szabolcs (Témavezető)
Dokumentumtípus: Szakdolgozat
Megjelent: 2006
Tárgyszavak:
Online Access:http://diploma.bibl.u-szeged.hu/143727
LEADER 00630nta a2200193 i 4500
001 dipl143727
005 20250404092727.0
008 241214s2006 hu om 000 hun d
040 |a SZTE Diploma Repozitórium  |b hun 
041 |a hun 
100 1 |a Tóth Gábor 
245 1 0 |a Julianus útja és a keleti magyarok  |h [elektronikus dokumentum] /  |c Gábor Tóth 
260 |c 2006 
650 4 |a Bölcsészettudományok 
650 4 |a History and archaeology 
650 4 |a History 
650 4 |a Medieval history 
700 0 1 |a Polgár Szabolcs  |e ths 
856 4 0 |u https://diploma.bibl.u-szeged.hu/id/eprint/143727/1/2006_toth_gabor.pdf  |z Dokumentum-elérés